000 00353 a2200145 4500
005 20250711073932.0
020 _a978 9987 9539-6-7
082 _a657.48 TUL
100 _aTULLI, M.
245 _aFinancial Accounting.
260 _aDar es Salaam,
_bNBAA,
_c2013.
300 _ax, 219p.: ill.;
_bIndex
_c27cm
700 _aLYANGA, J. M.
942 _2ddc
_cBKS
999 _c6655
_d6655